Les nouveaux pays à chaque édition des JO d'été - Statistiques

Statistiques générales
  • Ce quiz a été pris 34 fois
  • Le résultat moyen est 70 sur 201
Statistiques - réponses
Hint Indice Réponse % Correct
1896 Europe A Allemagne
100%
1896 Océanie A Australie
97%
1896 Amérique E Etats-Unis
94%
1896 Europe F France
94%
1896 Europe H Hongrie
94%
1896 Europe I Italie
94%
1900 Europe B Belgique
88%
1896 Europe D Danemark
88%
1896 Europe G Grèce
88%
1896 Europe B Bulgarie
81%
1896 Europe S Suède
81%
1896 Europe A Autriche
78%
1900 Amérique C Canada
78%
1896 Europe S Suisse
78%
1900 Amérique A Argentine
75%
1900 Europe E Espagne
75%
1900 Europe R Russie
75%
1896 Amérique C Chili
72%
1900 Amérique M Mexique
72%
1908 Europe F Finlande
69%
1912 Europe P Portugal
69%
1900 Europe R Roumanie
69%
1896 Europe R Royaume-Uni
69%
1904 Afrique A Afrique-du-Sud
66%
1912 Asie J Japon
63%
1900 Europe P Pays-Bas
59%
1920 Europe* Y Yougoslavie
59%
1900 Amérique C Cuba
56%
1912 Europe I Islande
56%
1912 Europe L Luxembourg
56%
1924 Amérique U Uruguay
56%
1900 Europe N Norvège
53%
1920 Océanie N Nouvelle-Zélande
53%
1920 Europe* T Tchécoslovaquie
53%
1924 Asie/Europe T Turquie
53%
1920 Amérique B Brésil
50%
1924 Amérique H Haïti
50%
1924 Europe I Irlande
50%
1912 Europe S Serbie
50%
1932 Asie C Chine
47%
1924 Europe L Lettonie
47%
1924 Europe L Lituanie
47%
1924 Europe P Pologne
47%
1948 Amérique V Venezuela
47%
1920 Europe M Monaco
44%
1964 Afrique Z Zambie
44%
1992 Europe C Croatie
41%
1912 Afrique E Egypte
41%
1924 Amérique E Equateur
41%
1948 Amérique J Jamaïque
41%
1924 Asie P Philippines
41%
1996 Europe U Ukraine
41%
1992 Europe B Bosnie-Herzégovine
38%
1932 Amérique C Colombie
38%
1908 Asie/Europe* E Empire Ottoman
38%
1920 Europe E Estonie
38%
1948 Asie I Irak
38%
1948 Asie I Iran
38%
1956 Afrique K Kenya
38%
2016 Europe K Kosovo
38%
1976 Europe A Andorre
34%
1936 Amérique B Bolivie
34%
1952 Asie I Indonésie
34%
1996 Asie K Kazakhstan
34%
1936 Europe L Liechtenstein
34%
1984 Asie O Oman
34%
1956 Afrique O Ouganda
34%
1984 Asie Q Qatar
34%
1992 Europe S Slovénie
34%
1984 Asie Y Yemen
34%
1984 Afrique Z Zimbabwe
34%
1980 Afrique A Angola
31%
1976 Amérique A Antigua-et-Barbuda
31%
1996 Asie/Europe A Azerbaïdjan
31%
1964 Afrique C Cameroun
31%
1956 Afrique E Ethiopie
31%
1956 Océanie F Fidji
31%
1952 Afrique G Ghana
31%
1948 Amérique G Guyana
31%
1996 Asie K Kirghizistan
31%
2004 Océanie K Kiribati
31%
1948 Asie L Liban
31%
1956 Afrique L Liberia
31%
1964 Afrique L Libye
31%
1996 Europe M Macédoine
31%
1928 Europe M Malte
31%
1960 Afrique M Maroc
31%
2000 Océanie M Micronésie
31%
2008 Europe M Monténégro
31%
1996 Océanie N Nauru
31%
1948 Asie P Pakistan
31%
1928 Amérique P Panama
31%
1976 Océanie P Papouasie-Nouvelle-Guinée
31%
2012 Afrique S Soudan-du-Sud
31%
1960 Afrique T Tunisie
31%
1988 Océanie V Vanuatu
31%
1952 Asie V Vietnam
31%
1936 Asie A Afghanistan
28%
1972 Europe A Albanie
28%
1964 Afrique A Algérie
28%
1956 Amérique B Bahamas
28%
1948 Asie C Corée-du-Sud
28%
1936 Amérique C Costa Rica
28%
1984 Afrique G Gambie
28%
1996 Asie/Europe G Géorgie
28%
1952 Amérique G Guatemala
28%
1968 Afrique G Guinée
28%
1952 Asie I Israël
28%
1980 Asie J Jordanie
28%
1984 Afrique R Rwanda
28%
1948 Asie S Singapour
28%
1960 Afrique S Soudan
28%
1948 Asie S Syrie
28%
1996 Asie T Tadjikistan
28%
1972 Afrique T Togo
28%
1948 Amérique T Trinité-et-Tobago
28%
2008 Océanie T Tuvalu
28%
1952 Asie/Europe U URSS
28%
1996 Asie A Arménie
25%
1968 Amérique B Barbade
25%
1972 Afrique B Bénin
25%
1984 Asie B Bhoutan
25%
1996 Europe B Biélorussie
25%
1984 Afrique D Djibouti
25%
1972 Afrique G Gabon
25%
1984 Afrique G Guinée équatoriale
25%
2008 Océanie M Marshall
25%
1964 Asie N Népal
25%
1964 Afrique N Niger
25%
1952 Afrique N Nigeria
25%
1996 Asie O Ouzbékistan
25%
1936 Amérique P Pérou
25%
1964 Afrique S Sénégal
25%
1996 Europe S Slovaquie
25%
1968 Afrique T Tanzanie
25%
1964 Afrique T Tchad
25%
1952 Asie T Thaïlande
25%
1996 Asie T Turkménistan
25%
1984 Afrique Z Zaîre
25%
1984 Asie B Bahreïn
22%
1948 Asie B Birmanie
22%
1972 Asie C Cambodge
22%
1980 Europe C Chypre
22%
2000 Afrique E Erythrée
22%
1968 Asie K Koweït
22%
1972 Afrique L Lesotho
22%
1964 Afrique M Madagascar
22%
1956 Asie M Malaisie
22%
1984 Afrique M Mauritanie
22%
1996 Europe M Moldavie
22%
1964 Asie M Mongolie
22%
2000 Océanie P Palaos
22%
1996 Amérique S Saint-Christophe-et-Niévès
22%
1996 Amérique S Sainte-Lucie
22%
1960 Europe S Saint-Marin
22%
1984 Océanie S Salomon
22%
1984 Océanie S Samoa
22%
1948 Asie S Sri Lanka
22%
1956 Asie T Taïwan
22%
1996 Europe T Tchéquie
22%
2000 Asie T Timor oriental
22%
1984 Océanie T Tonga
22%
1908 Océanie* A Australasie
19%
1984 Asie B Bangladesh
19%
1968 Amérique B Belize
19%
1980 Afrique B Botswana
19%
1972 Afrique B Burkina Faso
19%
1972 Asie C Corée-du-nord
19%
1964 Afrique C Côte d'ivoire
19%
1984 Asie E Emirats arabes unis
19%
1972 Afrique E Eswatini
19%
1996 Afrique G Guinée Bissau
19%
1984 Afrique M Maurice
19%
1980 Afrique M Mozambique
19%
1964 Afrique R RD Congo
19%
1928 Afrique* R Rhodésie-du-sud
19%
1996 Afrique S Sao Tomé et Principe
19%
1968 Afrique C Centrafrique
16%
1996 Amérique D Dominique
16%
1984 Amérique G Grenade
16%
1964 Amérique R République dominicaine
16%
1984 Afrique S Seychelles
16%
1968 Afrique S Sierra Leone
16%
1972 Afrique S Somalie
16%
1900 Europe* B Bohême
13%
1996 Afrique C Cap vert
13%
1996 Afrique C Comores
13%
1972 Afrique M Malawi
13%
1984 Asie M Maldives
13%
1972 Asie A Arabie saoudite
9%
1972 Afrique C Congo
9%
1968 Afrique H Honduras
6%
1900 Asie H Inde
6%
1960 Afrique R République Arabe Unie
6%
1952 Europe* S Sarre
6%
1964 Afrique* T Tanganyika
6%
1992 Europe N Namibie
3%
1968 Afrique N Nicaragua
3%
1968 Afrique P Paraguay
3%
1968 Afrique S Salvador
3%
1968 Afrique S Suriname
3%
Aucun quiz correspondant
Distribution des résultats
% des personnes avec chaque résultat
Percentile par nombre de réponses
Votre historique - résultats
Vous n’avez pas pris ce quiz